| 000 | 00936nam a22002655a 4500 | ||
|---|---|---|---|
| 003 | OSt | ||
| 005 | 20160908112801.0 | ||
| 008 | 160908s2012 ua frb 000 0 ara d | ||
| 015 | _a2012/19304 | ||
| 020 | _a9771027506 | ||
| 040 |
_aEG-ScBUE _bara _cEG-ScBUE |
||
| 082 | 0 | 4 |
_a347.077 _bع ب ي _222 |
| 100 | 1 |
_aعبيد، محمد كامل. _941080 |
|
| 245 | 1 | 0 |
_aاستقلال القضاء : _bدراسة مقارنة / _cمحمد كامل عبيد. |
| 260 |
_aالقاهرة : _bدار الفكر العربي، _c2012. |
||
| 300 |
_a859 ص. ؛ _c24 سم. |
||
| 504 | _aيشتمل على إرجاعات ببليوجرافية. | ||
| 650 | 7 |
_aالسلطة القضائية. _2BUEsh _941083 |
|
| 650 | 7 |
_aالقضاة. _2BUEsh _941084 |
|
| 650 | 7 |
_aالاختصاص القضائي. _2BUEsh _941086 |
|
| 650 | 7 |
_aالقضاء في الإسلام. _2BUEsh _941087 |
|
| 651 | _2BUEsh | ||
| 653 |
_bLLAAWW _cSeptember2016 |
||
| 942 | _2ddc | ||
| 999 |
_c22342 _d22314 |
||